Fiesta religiosa. La celebración de la Semana Santa en el Canton Biblian

Bibliographic Details
Other Authors: Peláez Tapia, Norma N. (coautora), Parra Crespo, Ma. Eulalia (coautora)
Format: Thesis Book
Language:Spanish
Subjects:

MARC

LEADER 00000cam a2200000 a 4500
001 THG-100
005 20230308191311.0
008 000000|1993 ||||||||r|||||||||||spa||
040 |b spa 
041 1 |a spa 
245 |a Fiesta religiosa. La celebración de la Semana Santa en el Canton Biblian  |c Norma N. Peláez Tapia, Ma. Eulalia Parra Crespo. Director Mario Jaramillo Paredes  |h dact 
264 |a Cuenca  |c 2 de Julio 1993 
300 |a 54 páginas:  |c 30 cm 
502 |a Profesora de Segunda Enseñanza. Especialidad Historia y Geografía  |b Universidad de Cuenca  |c filo  |d Jaramillo Paredes, Mario, dir. 
650 1 |a Fiestas religiosas  |9 9352 
650 1 |a Semana santa  |9 10268 
650 1 |a Tesis en historia y geografia  |9 101 
700 1 |a Peláez Tapia, Norma N.  |e coautora  |9 127442 
700 1 |a Parra Crespo, Ma. Eulalia  |e coautora  |9 127443 
852 |a UC-CDJBV  |c CUARTO PISO (SECCION TESIS)  |f Donación  |k zulay.encalada  |l 1  |m Limitada  |p 00000000  |q 1.00  |t THG-100  |y 65813  |b 1  |d CDRC  |e CDRC  |g  CUARTO PISO (SECCION TESIS)  |z 0000-00-00 
942 |c TS 
999 |c 75702  |d 75702